LIBRARY & INFORMATION CENTRE, KCAET, TAVANUR

ONLINE PUBLIC ACCESS CATALOGUE (OPAC)

Postharvest Technology of Fruits and Vegetables: Handling, Processing, Fermentation and Waste Managenent- Volume - 2- Technology (Record no. 14747)

MARC details
000 -LEADER
fixed length control field 00440nam a22001457a 4500
020 ## - INTERNATIONAL STANDARD BOOK NUMBER
ISBN 8173871086
082 ## - DEWEY DECIMAL CLASSIFICATION NUMBER
Classification number 631.56
Item number VER/PO
245 ## - TITLE STATEMENT
Title Postharvest Technology of Fruits and Vegetables: Handling, Processing, Fermentation and Waste Managenent- Volume - 2- Technology
250 ## - EDITION STATEMENT
Edition statement 1
260 ## - PUBLICATION, DISTRIBUTION, ETC. (IMPRINT)
Place of publication New Delhi
Name of publisher Indus Publishing Company
Year of publication 2006
300 ## - PHYSICAL DESCRIPTION
Number of Pages 1222
700 ## - ADDED ENTRY--PERSONAL NAME
Personal name Verma L.R.
700 ## - ADDED ENTRY--PERSONAL NAME
Personal name Joshi,V.K.
942 ## - ADDED ENTRY ELEMENTS (KOHA)
Koha item type Book Bank scheme for SC students
Holdings
Withdrawn status Lost status Damaged status Collection code Home library Current library Shelving location Date acquired Source of acquisition Cost, normal purchase price Full call number Accession Number Koha item type
        KAUAET KAUAET Scheme 27/08/2016 Penta Books. 2000.00 631.56 VER/PO BB 128 Book Bank scheme for SC students
free website counter